Logo BPK

Biblioteka

Politechniki Koszalińskiej

Postmodernizm w zarządzaniu / (Rekord nr 30949)

Szczegóły MARC
000 -ETYKIETA REKORDU
podpole kontrolne o stałej długości 01223nam a2200385 i 4500
001 - NUMER KONTROLNY REKORDU
pole kontrolne 30949
003 - IDENTYFIKATOR NUMERU KONTROLNEGO REKORDU
podpole kontrolne KOSZ 005
005 - DATA OSTATNIEJ MODYFIKACJI REKORDU
podpole kontrolne 20221130090827.0
008 - POLE O STAŁEJ DŁUGOŚCI - DANE KONTROLNE
podpole kontrolne o stałej długości 980702s1996 pl |000 0 pol
015 ## - NUMER BIBLIOGRAFII NARODOWEJ
Numer bibliografii narodowej PB 1996/10027
020 ## - MIĘDZYNARODOWY ZNORMALIZOWANY NUMER KSIĄŻKI - ISBN
ISBN 8320810175
040 ## - ŹRÓDŁO KATALOGOWANIA
Instytucja, która sporządziła opis WA N
Instytucja, która utworzyła rekord WA N
Instytucja, która dokonała modyfikacji KOSZ 005/HR
046 ## - DATY KODOWANE
Pojedyncza data lub początek okresu powstania dzieła lub zbioru dzieł 1996
080 ## - UNIWERSALNA KLASYFIKACJA DZIESIĘTNA - UKD
UKD 005
080 ## - UNIWERSALNA KLASYFIKACJA DZIESIĘTNA - UKD
UKD 316.334.2
100 1# - NAZWA OSOBOWA
Nazwa osobowa Kostera, Monika
Daty związane z nazwą (1963- )
Określenie rodzaju współpracy Autor
245 10 - TYTUŁ/ODPOWIEDZIALNOŚĆ
Tytuł Postmodernizm w zarządzaniu /
Pozostałe elementy strefy tytułu i oznaczenia odpowiedzialności Monika Kostera.
260 ## - STREFA ADRESU WYDAWNICZEGO
Miejsce wydania Warszawa :
Nazwa wydawcy/dystrybutora Polskie Wydawnictwo Ekonomiczne,
Data publikacji, dystrybucji/powstania dokumentu 1996.
300 ## - STREFA OPISU FIZYCZNEGO
Objętość 285, [3] s. ;
Rozmiary 21 cm.
336 ## - TYP ZAWARTOŚCI
Źródło (terminu i kodu) rdacontent
Termin opisujący typ zawartości Tekst
Kod określający zawartość txt
337 ## - TYP MEDIÓW
Źródło (terminu i kodu) rdamedia
Tryb odtwarzania Bez urządzenia pośredniczącego
Kod typu mediów n
338 ## - TYP/RODZAJ NOŚNIKA
Źródło (terminu i kodu) rdacarrier
Hasło opisujące typ nośnika Wolumin
Kod typu nośnika nc
380 ## - FORMA I TYP PUBLIKACJI
Forma i typ publikacji Książki
388 ## - CZAS POWSTANIA
Czas powstania 1901-2000
388 ## - CZAS POWSTANIA
Czas powstania 1989-2000
504 ## - UWAGA DOTYCZĄCA BIBLIOGRAFII
Informacje o bibliografii Bibliogr. s. 278-[286].
650 #4 - HASŁO PRZEDMIOTOWE W FORMIE NAZWY OGÓLNEJ LUB JEDNOSTKOWEJ
Nazwa ogólna lub geograficzna Organizacje
650 #4 - HASŁO PRZEDMIOTOWE W FORMIE NAZWY OGÓLNEJ LUB JEDNOSTKOWEJ
Nazwa ogólna lub geograficzna Przedsiębiorstwo
650 #4 - HASŁO PRZEDMIOTOWE W FORMIE NAZWY OGÓLNEJ LUB JEDNOSTKOWEJ
Nazwa ogólna lub geograficzna Socjologia gospodarki
650 #4 - HASŁO PRZEDMIOTOWE W FORMIE NAZWY OGÓLNEJ LUB JEDNOSTKOWEJ
Nazwa ogólna lub geograficzna Zarządzanie
658 ## - TERMIN INDEKSOWY - PRZEDMIOT PROGRAMU NAUCZANIA
Główny przedmiot programu nauczania Zarządzanie i marketing
710 2# - HASŁO DODATKOWE - NAZWA CIAŁA ZBIOROWEGO
Nazwa ciała zbiorowego lub jednostki geograficznej Polskie Wydawnictwo Ekonomiczne
Kod określenia powiązania pbl.
856 41 - LOKALIZACJA I DOSTĘP DO ELEKTRONICZNYCH DOKUMENTÓW ZDALNYCH
Link (URL) http://koha.tu.koszalin.pl/cgi-bin/koha/opac-detail.pl?biblionumber=30949
Tekst linku Katalog online BPK
942 ## - DODATKOWE ELEMENTY (KOHA)
Schemat klasyfikacji Uniwersalna Klasyfikacja Dziesiętna
Typ dokumentu Książka
Egzemplarze
Wycofany Status egzemplarza Uszkodzony Dostępność Lokalizacja stała Lokalizacja bieżąca Miejsce przechowywania Sygnatura Kod kreskowy Dział Typ dokumentu
      Tylko na miejscu Biblioteka Politechniki Koszalińskiej Biblioteka Politechniki Koszalińskiej Czytelnia BG 37933 01803723 005.1 Teoria zarządzania Książka
      Tylko na miejscu Biblioteka Politechniki Koszalińskiej Biblioteka Politechniki Koszalińskiej Czytelnia Wydziałowa ul. Kwiatkowskiego 6e 37934 01929768 005 Zarządzanie Książka
© 2023 Biblioteka Politechniki Koszalińskiej :: KOHA